| 000 | 00726nam a2200193 a 4500 | ||
|---|---|---|---|
| 001 | 000042032 | ||
| 005 | 20201002035909.0 | ||
| 008 | 131111s1973 sp 000 0 spa d | ||
| 020 | _a8400038800 | ||
| 040 |
_aDO-SdBNP _bspa _cBNPHU |
||
| 082 |
_axxx _bT693c |
||
| 100 | 1 |
_aTorres Ramírez, Bibiano _914974 |
|
| 245 | 1 | 3 |
_aLa compañía gaditana de negros / _cBibiano Torres Ramírez. |
| 260 |
_aSevilla : _bConsejo Superior de Investigaciones Cientiíficas, _c1973. |
||
| 300 |
_a227 p. ; _c19 cm. |
||
| 490 | 1 |
_aEscuela de Estudios Hispano-Americanos de Sevilla _v227 |
|
| 500 | _aIncluye referencias bibliográficas y notas al pie de las páginas. | ||
| 830 | 0 |
_aEscuela de Estudios Hispano-Americanos de Sevilla _n227 _969002 |
|
| 999 |
_c41521 _d41521 |
||